000 00627nam a2200229Ia 4500
003 OSt
005 20220928112617.0
006 a|||||r|||| 00| 0
007 ta
008 220927b |||||||| |||| 00| 0 eng d
024 _a29239
037 _cTextual
040 _aSDCL
_cSDCL
_beng
041 _2eng
_aeng
082 _aQ21:224:g, K7
100 _aShastri Anad Swarup Ed.
_9428988
245 0 _aSri Vaman puranam.
260 _aVaranasi
_bSarvabharatiya Kashirajnayas
_c1967
300 _alxx,891p.
_ccm.
942 _hQ21:224:g, K7
_cTEXL
_2CC
999 _c745466
_d745466